Statistics for Correlative Conjunctions Quiz

Click here to take the quiz!

General Stats

  • This quiz has been taken 70 times
  • The average score is 7 of 19

Answer Stats

Conjunctions% Correct
And
88%
But
77%
{But} {also}
77%
Or
72%
Nor
65%
Neither
58%
Either
51%
{Not} {only}
44%
So
44%
Both
33%
Whether
28%
The
26%
As
21%
Than
16%
Rather
12%
{No} {sooner}
7%
{As} {much}
5%
{Just} {as}
0%
May
0%

Score Distribution

Percentile by Number Answered

Percent of People with Each Score

Your Score History

You have not taken this quiz